000 00272 a2200121 4500
001 154111
040 _cEscola São Tomás de Aquino
240 1 0 _aSaraiva júnior
_lpor
245 1 0 _aSaraiva júnior
362 0 _a2008
697 _aDicionário de português
942 _cBK
999 _c154111
_d154111